Les prénoms des présentateurs du JT de 13 heures de TF1 - Statistiques

Statistiques générales
  • Ce quiz a été pris 86 fois
  • Le résultat moyen est 14 sur 23
Statistiques - réponses
DATES Prénom et Nom % Correct
Femmes 2006-2008 {Anne-Sophie} Lapix
97%
Hommes 1977-1980 / 1988-2020 {Jean-Pierre} Pernaut
97%
Femmes 1991-2015 {Claire} Chazal
95%
Femmes 2012-? {Anne-Claire} Coudray
86%
Femmes 2002-2006 {Laurence} Ferrari
86%
Hommes 2020 {Gilles} Bouleau
82%
Hommes 1998-? {Jacques} Legros
82%
Hommes 1975-1977 {Michel} Denisot
77%
Femmes 2015-? {Audrey} Crespo-Mara
69%
Hommes 1987-1990 {Bruno} Masure
64%
Femmes 2021-? {Marie-Sophie} Lacarrau
64%
Hommes 1975-1988 {Yves} Mourousi
64%
Hommes 2006 / 2008-2012 / 2021 / 2022 {Julien} Arnaud
59%
Hommes 1975-1978 {Claude} Pierrard
57%
Hommes 1984-1985 {Claude} Sérillon
57%
Hommes 1975-1984 {Jean-Claude} Bourret
55%
Hommes 1990-1994 {Jean-Claude} Narcy
55%
Hommes 1994-2002 {Thomas} Hugues
47%
Femmes 1995-1997 {Béatrice} Schönberg
43%
Femmes 1981-1988 {Marie-Laure} Augry
34%
Hommes 1990-1991 {Ladislas} de Hoyos
30%
Femmes 1998 {Catherine} Nayl
24%
Femmes 1986-1987 {Marie-France} Cubadda
18%
Aucun quiz correspondant
Distribution des résultats
% des personnes avec chaque résultat
Percentile par nombre de réponses
Votre historique - résultats
Vous n’avez pas pris ce quiz